00341nam a2200133Ia 4500008004100000041000800041082001500049100001600064245004500080250001400125260003400139300002500173365000900198240624s9999 xx 000 0 und d aeng a332.1 RHO  aRHODES TONY aSYNDICATED LENDING PRACTICE AND DOCUMENT a(5th ed.) c2009aLondonbEuromoney Books axxxiv, 57 p.; 23 cm. cb38